000 00348nam a2200133Ia 4500
005 20251222141950.0
008 251222s9999||||xx |||||||||||||| ||spa||
020 _a84-303-0061-9
082 _aREF.415/M26
100 _aMartínez Amador, Emilio M.
245 0 _aDiccionario Gramatical y de Dudas del Idioma
264 _bRamón Sopena
942 _cLIB
999 _c9649
_d9649